000 00418nam a2200145Ia 4500
008 220217s9999||||xx |||||||||||||| ||und||
020 _a978-81-8128-917-9
082 _a005.74 GRO
100 _aGrossman, David, A and Frieder, Ophir
_96691
245 0 _aInformation retrieval
250 _a2nd
260 _aSpringar publications
_bNew Delhi
_c2008
300 _aXII, 332p.
_b395
650 _aCOMPUTER SCIENCE
999 _c179438
_d179438